Govt. of
Madhya Pradesh

मार्कण्‍डेय : परम्‍परा और विकास (Record no. 55076)

MARC details
000 -LEADER
fixed length control field 00609nam a22001697a 4500
003 - CONTROL NUMBER IDENTIFIER
control field MACL
005 - DATE AND TIME OF LATEST TRANSACTION
control field 20160727115629.0
008 - FIXED-LENGTH DATA ELEMENTS--GENERAL INFORMATION
fixed length control field 160727b xxu||||| |||| 00| 0 eng d
040 ## - CATALOGING SOURCE
Transcribing agency MACL
041 ## - LANGUAGE CODE
Language code of text/sound track or separate title Hindi
082 ## - DEWEY DECIMAL CLASSIFICATION NUMBER
Classification number 800 MAR
100 ## - MAIN ENTRY--PERSONAL NAME
Personal name त्रिपाठी; प्रकाश
9 (RLIN) 55623
245 ## - TITLE STATEMENT
Title मार्कण्‍डेय : परम्‍परा और विकास
Statement of responsibility, etc. प्रकाश त्रिपाठी
260 ## - PUBLICATION, DISTRIBUTION, ETC. (IMPRINT)
Place of publication, distribution, etc. इलाहाबाद
Name of publisher, distributor, etc. वचन पब्लिकेशन्‍स
Date of publication, distribution, etc. 2010
650 ## - SUBJECT ADDED ENTRY--TOPICAL TERM
Topical term or geographic name as entry element साहित्‍य
9 (RLIN) 65444
942 ## - ADDED ENTRY ELEMENTS (KOHA)
Source of classification or shelving scheme
Koha item type Hindi Books
Holdings
Withdrawn status Lost status Source of classification or shelving scheme Damaged status Not for loan Home library Current library Date acquired Cost, normal purchase price Total Checkouts Full call number Barcode Date last seen Price effective from Koha item type
          MACL MACL 27/07/2016 475.00   800 MAR CRH031486 27/07/2016 27/07/2016 Hindi Books